Statistics for 50 Welsh Musical Acts by Songs

Click here to take the quiz!

General Stats

  • This quiz has been taken 53 times
  • The average score is 11 of 50

Answer Stats

SongsArtist/Band% Correct
It's Not Unusual, Sex Bomb, She's A LadyTom Jones
96%
Total Eclipse Of The Heart, Holding Out For A Hero, It's A HeartacheBonnie Tyler
89%
Goldfinger, Diamonds Are Forever, Reach For The StarsShirley Bassey
78%
If You Tolerate This Your Children Will Be Next, Motorcycle Emptiness, A Design For LifeManic Street Preachers
67%
Dakota, Maybe Tomorrow, Handbags and GladragsStereophonics
67%
Mercy, Warwick Avenue, Well, Well, WellDuffy
61%
Back Into The Future, Many Are Called But Few Get Up, BananasMan
61%
Merry Christmas Everyone, Oh Julie, You Drive Me CrazyShakin' Stevens
61%
Road Rage, Mulder and Scully, Dead From The Waist DownCatatonia
48%
Buck Rogers, Feeling A Moment, Just A DayFeeder
39%
Those Were The Days, Goodbye, Knock, Knock Who's There?Mary Hopkin
37%
Crazy Chick, The Prayer, Call My NameCharlotte Church
33%
Juxtapozed With U, Golden Retriever, Something 4 The WeekendSuper Furry Animals
30%
Are You With Me Now?, Home To You, Daylight MattersCate Le Bon
28%
I Hear You Knocking, Girls Talk, Steel ClawDave Edmunds
26%
Primadonna, How To Be A Heartbreaker, HollywoodMARINA (And The Diamonds)
24%
Guns Don't Kill People Rappers Do, Soap Bar, Half Man Half MachineGoldie Lookin Chain
20%
Monster, That's What She Said, Steve McQueenThe Automatic
20%
(If Paradise Is) Half As Nice, Bend Me, Shape Me, Gin House BluesAmen Corner
17%
Tears Don't Fall, Your Betrayal, All These Things I Hate (Revolve Around Me)Bullet For My Valentine
17%
I Love You Always Forever, I Could Be The One, Without LoveDonna Lewis
17%
Patio Song, Spanish Dance Troupe, Sbia Ar Y SerenGorky's Zygotic Mynci
17%
Kathleen, Longshot, CocoonCatfish And The Bottlemen
15%
Roses For The Dead, Streetcar, JuneauFuneral For A Friend
11%
American Interior, Shark Ridden Waters, Bae Bae BaeGruff Rhys
9%
They, Just A Ride, It's AmazingJem
9%
Paris 1919, Spinning Away, Nobody But YouJohn Cale
9%
Adiemus, The Armed Man, PalladioKarl Jenkins
9%
Rain In The Summertime, The Stand, StrengthThe Alarm
9%
Sebona Fi, Drwy Dy Lygid Di, Neb Ar ÔlYws Gwynedd
9%
Gwenwyn, Full Moon Vulture, PlaAlffa
7%
Face Behind Her Cigarette, Loner Boogie, Waitin'Boy Azooga
7%
Remind Me, If We Ever, Kiss Kiss Bang BangHigh Contrast
7%
Told Me, Call Me Over, A Little BitDusky Grey
4%
Thank God I'm Not You, Sigh Of A Hurricane, EcstasyHimalayas
4%
Finished Symphony, Disappear Here, ChokeHybrid
4%
December, In Bloom, A Part Of MeNeck Deep
4%
Anchor, Carry You, State LinesNovo Amor
4%
Cave Song, Are You Ready For Me, MovePretty Vicious
4%
Nobody, That's My Jam, Kill The PowerSkindred
4%
Whirring, Endtapes, AustereThe Joy Formidable
4%
Dusted, Minging/Sticky, ChequeAstroid Boys
2%
I Can Give You The Starlight, Glamorous Night, My Life Belongs To YouIvor Novello
2%
Luminous Spaces, Bird, Melt!Kelly Lee Owens
2%
Give Me What I Want, Matters At All, PeaceKids In Glass Houses
2%
The Lights, View2, Wavy GravySasha
2%
Save Our Selves (The Warning), Higher & Higher, Children Of The NightThe Blackout
2%
Is She Gonna Be There?, I'll Buy A House, InsomniaViolet Skies
2%
N.I.T.A., Brand-New-Life, Searching For Mr. RightYoung Marble Giants
2%
December, Blue Christmas, Praise YouHannah Grace
0%

Score Distribution

Percentile by Number Answered

Percent of People with Each Score

Your Score History

You have not taken this quiz